Oxford Handbook of Infectious Diseases and Mmicrobiology /

Na minha lista:
Detalhes bibliográficos
Main Authors: Török, Estée (Author), Moran, Ed (Author), Cooke, Fiona J. (Author)
Formato: Livro
Idioma:inglês
Publicado em: Oxford University Press 2017
Edição:2nd Ed.
Tags: Adicionar Tag
Sem tags, seja o primeiro a adicionar uma tag!

MARC

LEADER 00000nam a22000003a 4500
001 0093313
003 SK-STU
005 20220117131956.3
007 ta
008 220117s ----xo-----e------000-0-----d
040 |a STU  |b slo 
041 0 |a eng 
044 |a xxk 
100 1 |a Török, Estée  |4 aut 
245 1 0 |a Oxford Handbook of Infectious Diseases and Mmicrobiology /  |c aut. Estée Török, Ed Moran, Fiona J Cooke 
250 |a 2nd Ed. 
260 |a Oxford  |b University Press  |c 2017 
300 |a 879 s. 
700 1 |a Moran, Ed  |4 aut 
700 1 |a Cooke, Fiona J.  |4 aut 
996 |b 284M089000  |c M* 14598-1  |l MMKN  |s A  |a 24  |w 0093313_0001